Essentials of politicals analysis

Saved in:
Bibliographic Details
Main Author: Pallock III
Format: Book
Tags: Add Tag
No Tags, Be the first to tag this record!
Call Number :

MARC

LEADER 00000pam a2200000 4500
001 21557
003 MY-KLNDU
005 20241218080722.0
020 0 0 |a 9781568029979 
035 |a 0000036733 
039 9 |a 200911181229  |b VLOAD  |y 200910091715  |z VLOAD 
100 0 0 |a Pallock III 
245 0 0 |a Essentials of politicals analysis 
591 |a 0000007429  |b 13/02/09  |c 0200-07  |d 1  |e RM287.33  |f 1  |g 287.33  |h Pustaka Darul Warisan Sdn. Bhd. 
999 |a vtls000031943  |c 21557  |d 21557